000 00664nam a2200241 i 4500
001 C2-0223603
003 PPAK
005 20180728152415.0
008 000224s1989 my a|||| ||||| | may d
020 _a9836206345
040 _aPPAK
_beng
_cPPAK
_erda
082 0 4 _a617.6
_223
090 0 0 _a617.6
_bPIC
_dKIH
100 1 _aPickard, H.M.,
_eauthor
245 1 0 _aPanduan pergigian operatif
264 1 _aKuala Lumpur :
_bDewan Bahasa dan Pustaka ,
_c1989
300 _aviii, 338 pages :
_billustrations ;
_c23 cm
336 _2rdacontent
_atext
337 _2rdamedia
_aunmediated
338 _2rdacarrier
_avolume
650 1 0 _aDentistry
942 _ddc
_cB
999 _c144706
_d144706